00615nam a2200157Ia 4500008004100000024005700041082001700098100007600115110002300191245003400214260002600248600002100274650003800295856010700333999001700440260210s9999 xx 000 0 und d a19B-050-CS, 19B-040-CS, 19B-089-CS, & 19B-064-CS a005.7072 MAS aHuzaifa Masood, Faris Shah, M. Sami Zuberi Malik, & M. Bassam Jamal aMs. Fatima Shakeel 0aAGRICULTURAL SYSTEM IOT BASED aKarachi:bUITU,c2019 aComputer Science aBachelor of Computer Science (BS) uhttps://drive.google.com/file/d/1AqEU4ZLSVVRFF_mM1eVho3g1zsniEvXh/view?usp=sharingyClick here for PDF c32501d32501